Japanese Brands With Hints - Statistics

General Stats
  • This quiz has been taken 48 times
  • The average score is 11 of 20
Answer Stats
Hint % Correct
Car manufacturer overtaken by Tesla as the world´s most valuable Toyota
98%
Conglomerate company, most known for TVs, cameras and the PlayStation Sony
95%
Video game company that made the Wii Nintendo
93%
The car company that produces the "Civic" Honda
81%
Known for motorcycles, but also for pianos Yamaha
70%
Car manufacturer producing the "MX-5" Mazda
63%
There´s a good chance you own a calculator or watch from this electronics company Casio
60%
This company has a global market share of nearly 50% for digital cameras Canon
56%
With models like the "Lancer", this company is a big player in off-road any rallye Mitsubishi
56%
Produced by the company "Sanrio", this toy cat can be found in many children´s rooms Hello Kitty
51%
Company that rivals the one above in cameras, being 3rd in terms of global market share Nikon
51%
This car brand´s name is also the second-most common surname in Japan Suzuki
49%
The first company to use put gel into running shoes Asics
44%
Consumer electronics company, producing TVs, rechargable batteries and many others Panasonic
42%
This watch brand´s name roughly means "percise" in Japanese Seiko
42%
The world´s largest tire manufacturer in terms of revenue Bridgestone
37%
Casual wear brand, having Roger Federer as one of their ambassadors Uniqlo
35%
Video game company that is behind games like "Pac-Man" and "Tekken" Bandai Namco
30%
Electronics company whose name is inspired by a mechanical pencil Sharp
26%
Japan´s largest e-commerce site, was the kit sponsor of FC Barcelona until 2022 Rakuten
16%
No matching quizzes found
Score Distribution
Percent of People with Each Score
Percentile by Number Answered
Your Score History
You have not taken this quiz